[Event "Chigorin Memorial 30th"]
[Site "St Petersburg"]
[Date "2023.10.26"]
[Round "6"]
[White "Zograf, Svetlana"]
[Black "Komyagin, Aleksandr"]
[Result "0-1"]
[WhiteElo "1860"]
[BlackElo "1414"]
[PlyCount "70"]
[EventDate "2023.10.21"]
[EventType "swiss"]
[EventRounds "9"]
[EventCountry "RUS"]
[SourceTitle "Mega2024 Update 01"]
[Source "Chessbase"]
[SourceDate "2023.11.12"]
[SourceVersion "1"]
[SourceVersionDate "2023.11.12"]
[SourceQuality "1"]

1. e4 e6 2. d4 d5 3. Nd2 Nf6 4. e5 Nfd7 5. Bd3 c5 6. c3 Nc6 7. Ne2 Be7 8. 0-0 0-0 9. f4 a6 10. Nf3 b5 11. Qe1 f5 12. exf6 Nxf6 13. Qg3 Ne4 14. Bxe4 dxe4 15. Ne5 Nxe5 16. fxe5 Rxf1+ 17. Kxf1 cxd4 18. cxd4 Bb7 19. Bh6 Bf8 20. Rd1 Bd5 21. Nf4 Qe8 22. Qg4 Kh8 23. Bg5 Bxa2 24. Rc1 Rc8 25. Ra1 Qc6 26. Kg1 Qb6 27. Ne2 Bd5 28. Qf4 h6 29. Qh4 Bc4 30. Rc1 Re8 31. Qh5 Rc8 32. Qf7 Bxe2 33. Rxc8 Qxd4+ 34. Be3 Qd1+ 35. Kf2 Qf1+ 0-1